Encyclopaedia of career counselling : (Record no. 10868)

MARC details
000 -LEADER
fixed length control field 00619cam a2200205ua 4500
001 - CONTROL NUMBER
control field 12109
005 - DATE AND TIME OF LATEST TRANSACTION
control field 20260515114835.0
008 - FIXED-LENGTH DATA ELEMENTS--GENERAL INFORMATION
fixed length control field 200220n ii |||gr||||Z||||||eng
020 ## - INTERNATIONAL STANDARD BOOK NUMBER
International Standard Book Number 9789381138816
040 ## - CATALOGING SOURCE
Transcribing agency MAIN
082 ## - DEWEY DECIMAL CLASSIFICATION NUMBER
Classification number 331.702
100 ## - MAIN ENTRY--PERSONAL NAME
Personal name Priyanka Sengupta,
Relator term Author.
245 ## - TITLE STATEMENT
Title Encyclopaedia of career counselling :
Remainder of title Counselling skills for teachers volume III /
Statement of responsibility, etc. By Priyanka Sengupta and Aswani Rai .
250 ## - EDITION STATEMENT
Edition statement 1st ed. /
Remainder of edition statement V.III.
260 ## - PUBLICATION, DISTRIBUTION, ETC.
Place of publication, distribution, etc. Delhi:
Name of publisher, distributor, etc. Pacific books international,
Date of publication, distribution, etc. 2012.
300 ## - PHYSICAL DESCRIPTION
Extent 267p.
653 ## - INDEX TERM--UNCONTROLLED
Uncontrolled term Labor economics
700 ## - ADDED ENTRY--PERSONAL NAME
Personal name Aswani Rai,
Relator term Author.
942 ## - ADDED ENTRY ELEMENTS (KOHA)
Koha item type Books
Holdings
Withdrawn status Lost status Damaged status Not for loan Home library Current library Shelving location Date acquired Total checkouts Full call number Barcode Date last seen Copy number Price effective from Koha item type
        Naharkatiya College Library Naharkatiya College Library General stacks 09/19/2020   331.702 | SEN 24520 09/19/2020 1 09/19/2020 Books